000
00287nam a2200121Ia 4500
005
20251222152623.0
008
251222s9999||||xx |||||||||||||| ||spa||
082
_a
869.812.5/O66
100
_a
Oribe, Emilio
245
0
_a
El Pensamiento vivo Rodó
264
_b
Losada S.A.
942
_c
LIB
999
_c
27425
_d
27425